| 000 | 01225cam a2200301 i 4500 | ||
|---|---|---|---|
| 001 | 22929 | ||
| 003 | Mx-PuUPA | ||
| 005 | 20260131110810.0 | ||
| 008 | 140415s2016 ag gr 000 0 spa d | ||
| 020 | _a9789875702844 | ||
| 040 |
_cMx-PuUPA _aMx-PuUPA _bspa _dMx-PuUPA _erda |
||
| 041 | 0 | _aspa | |
| 245 | 1 | 0 |
_aTerapia cognitivo-conductual y psicofarmacología : _buna guía para combinar tratamientos en salud mental / _cCristian J. Garay |
| 250 | _a1a edición | ||
| 264 | 1 |
_aBuenos Aires, Argentina : _bLibrería AKADIA Editorial, _c2016 |
|
| 300 |
_axxii, 247 páginas : _bdiagramas ; _c24 cm |
||
| 336 |
_2rdacontent _atexto _btxt |
||
| 337 |
_2rdamedia _asin medio _bn |
||
| 338 |
_2rdacarrier _avolumen _bnc |
||
| 650 | 7 |
_2armarc _aTerapia cognitiva |
|
| 650 | 7 |
_2armarc _aPsicofarmacología |
|
| 700 | 1 |
_aGaray, Cristian J., _917708 _eautor _ecompilador |
|
| 942 |
_2ddc _cLI _h615.78 _iT35 |
||
| 999 |
_c22929 _d22929 |
||